000 00325nam a22001337a 4500
008 171025b xxu||||| |||| 00| 0 eng d
020 _a0127432701
041 _aeng
080 _23 ED
_a311
100 _a55
101 _aSTA
245 _aINTRODUTORY STATISTICS FOR THE BEHVIORAL SCIENCE
_cEWEN.R.B
942 _2udc
_cBK
999 _c35942
_d35942